Top 15 Celebrities Born In 1927&1926 - Statistics

General Stats
  • This quiz has been taken 162 times
  • The average score is 6 of 15
Answer Stats
Picture Answer % Correct
Queen Elizabeth II
98%
Marilyn Monroe
91%
Margot Frank
60%
Pope Benedict XVI
55%
Chuck Berry
53%
Leslie Nielsen
40%
Sidney Poitier
36%
Mel Brooks
30%
Andy Griffith
27%
Don Rickles
24%
Jerry Stiller
21%
Cloris Leachman
14%
Eartha Kitt
14%
Lorraine Warren
13%
Andy Williams
7%
No matching quizzes found
Score Distribution
Percent of People with Each Score
Percentile by Number Answered
Your Score History
You have not taken this quiz